000
00281nam a2200121Ia 4500
005
20251222152554.0
008
251222s9999||||xx |||||||||||||| ||spa||
082
_a
985.004.9/C47/Ej.2
100
_a
Camino, Alejandro
245
0
_a
Amazonia Peruana
264
_b
CAAAP
942
_c
LIB
999
_c
26373
_d
26373